000 00456nam a2200097Ia 4500
008 180130s9999 xx 000 0 und d
245 _cAbraham, Andy; Saiz, Sergio Lorenzo Jimenez; Mckeown, Steve; Morgan, Gareth; Muir, Bob; North, Julian; Till, Kevin
_aPlanning your coaching: a focus on youth participant development
260 _c2015
300 _aBook title: Practical sports coaching--Acession number C20229; pages 16-53
650 _aCOACHING (ATHLETICS)
999 _c354564
_d354564